Australian termites and other common timber pests /

Bibliographic Details
Main Author: Hadlington, P. (Phillip W.)
Format: Book
Language:English
Published: Kensington : New South Wales University Press, [1987]
Subjects:

MARC

Tag First Indicator Second Indicator Subfields
LEADER 00000cam a2200000 a 4500
001 in00000026049
005 20151007055804.0
008 871027s1987 at a 00110 eng d
020 |a 0868402109 
035 |a (OCoLC)16901922 
035 |9 AAB9263AM 
040 |a AGL  |c AGL  |d TXA  |d UtOrBLW 
049 |a TXAM  |c [A11650522] 
050 4 |a QL529.27.A9  |b H32 1987 
070 0 |a QL529.27.A9H3 
072 0 |a F821  |a K001 
100 1 |a Hadlington, P.  |q (Phillip W.) 
245 1 0 |a Australian termites and other common timber pests /  |c Phillip Hadlington ; illustrations by Louis Beck. 
264 1 |a Kensington :  |b New South Wales University Press,  |c [1987] 
264 4 |c ©1987 
300 |a 126 pages :  |b illustrations (some color) ;  |c 24 cm. 
336 |a text  |b txt  |2 rdacontent 
337 |a unmediated  |b n  |2 rdamedia 
338 |a volume  |b nc  |2 rdacarrier 
500 |a Includes index. 
650 0 |a Termites  |z Australia. 
999 |a MARS 
999 f f |s af2814f6-f9be-3aff-9da2-73eeb8a6b20d  |i 41ee1777-e299-3391-bee7-ae852bfc60f3  |t 0 
952 f f |p ric  |a Texas A&M University  |b Rellis Campus  |c Joint Library Facility  |d Remote Storage  |t 0  |e QL529.27.A9 H32 1987  |h Library of Congress classification  |i unmediated -- volume  |m A14811650522 
998 f f |a QL529.27.A9 H32 1987  |t 0  |l Remote Storage